000 00288nam a2200109Ia 4500
008 220204s9999 xx 000 0 und d
082 _a82:32(545)
_bBRA
100 _aBrass, P R
245 0 _aLanguage religion and politics in North India
260 _aLondon
_bCambridge
_c1974
942 _cBK
999 _c29192
_d29192